Memoria /

Guardado en:
Bibliografiske detaljer
Autores Corporativos: PRIDENA, Programa Interdisciplinario de Estudios y Acción Social sobre los Derechos de la Niñez y la Adolescencia
Format: Texto
Udgivet: San José: PRIDENA
Tags: Tilføj Tag
Ingen Tags, Vær først til at tagge denne postø!

MARC

LEADER 00000 a a2200000 04500
001 29896
003
040 |a CRAI/IIS  |c CRAI/IIS 
090 |a 194113  |b RECURSO ELECTRONICO  
110 |a PRIDENA  
245 |a Memoria /  |c PRIDENA  
260 |a San José:   |b PRIDENA  
710 |a Programa Interdisciplinario de Estudios y Acción Social sobre los Derechos de la Niñez y la Adolescencia  
999 |c 17759  |d 17759